| 000 | 01309nac a22003491i 4500 | ||
|---|---|---|---|
| 003 | EG-ScBUE | ||
| 005 | 20250616130640.0 | ||
| 008 | 250616t1989 nyua f 001 0 eng d | ||
| 020 | _a0070000425 | ||
| 020 | _a9780070000421 | ||
| 040 |
_aEG-ScBUE _beng _erda _cEG-ScBUE _dEG-ScBUE |
||
| 082 | 0 | 4 |
_a536.7 _bABB _222 |
| 100 | 1 |
_aAbbott, Michael M., _eauthor. |
|
| 245 | 1 | 0 |
_aSchaum's outline of theory and problems of thermodynamics / _cMichael M. Abbott, Hendrick C. Van Ness. |
| 250 | _aSecond edition. | ||
| 264 | 1 |
_aNew York : _bMcGraw-Hill, _c[1989] |
|
| 264 | 4 | _cc1989 | |
| 300 |
_a362 pages : _billustrations ; _c28 cm. |
||
| 336 |
_2rdacontent _atext _btxt |
||
| 337 |
_aunmediated _2rdamedia _bn |
||
| 338 |
_avolume _bnc _2rdacarrier |
||
| 490 | 0 | _aSchaum's outline series | |
| 500 | _aIncludes index. | ||
| 650 | 0 |
_aThermodynamics. _2BUEsh |
|
| 655 | _vReading book | ||
| 700 | 1 |
_aVan Ness, H. C. _q(Hendrick C.) _eauthor. |
|
| 740 | 0 | _aTheory and problems of thermodynamics. | |
| 856 | 4 | 2 |
_3Contributor biographical information _uhttp://www.loc.gov/catdir/bios/mh041/89002576.html |
| 856 | 4 | 2 |
_3Publisher description _uhttp://www.loc.gov/catdir/description/mh031/89002576.html |
| 856 | 4 | 2 |
_3Table of contents _uhttp://www.loc.gov/catdir/toc/mh021/89002576.html |
| 942 |
_cBB _2ddc |
||
| 999 |
_c4446 _d4446 |
||